The Saint of Montparnasse /

Saved in:
Bibliographic Details
Main Author: Neagoe, Peter
Format: Book
Language:Undetermined
Published: Philadelphia : Chilton Books, 1965.
LEADER 00760nam a22001933 4500
001 c000052706
003 CARM
005 19991214122735.0
008 850114s1965 xx 000 0 und d
019 1 |a 28607509  |z 3675851  |5 LACONCORD2021 
035 |a (OCoLC)215669978  |5 LACONCORD2021 
040 |a NHKS  |b eng  |c NHKS 
100 1 |a Neagoe, Peter. 
245 1 4 |a The Saint of Montparnasse /  |c a novel based on the life of Constantin Brancusi by Peter Neagoe. 
260 |a Philadelphia : Chilton Books, 1965. 
300 |a 287 p. : 25 cn, 
852 8 |b CARM  |h A2:AH37F0  |i C04055  |p 0158651  |f BK 
999 f f |i 5f97c7bb-328c-5e38-af01-5495e4c5cfa0  |s 0f6fdd0c-b19c-53ab-a7b0-010e5df1de5c 
952 f f |p Can circulate  |a CAVAL  |b CAVAL  |c CAVAL  |d CARM 1 Store  |e C04055  |f A2:AH37F0  |h Other scheme  |i book  |m 0158651